=LDR 00000nam 2200000 4500 =001 INLIS000000000042621 =005 20240725102044 =035 ##$$a 0010-101300000000543 =008 240725################g##########0#ind## =041 ##$$a Ind =082 ##$$a 618.1 =090 ##$$a 618.1, Pen p =245 ##$$a Penanganan endometriosis : panduan klinis dan algoritme, /$c Penyunting, T.Z.Jacoeb, W.Hadisaputra =260 ##$$a Jakarta :$b Sagung Seto,$c 2009 =300 ##$$a xxv, 206 hlm : $b Ilus ; $c 25 cm =650 #4$$a Kelenjar - Ginekologi =700 #$$a T.Z.Jacoeb =850 ##$$a NBPNMAT =084 ##$$a 618.1 PEN p =990 ##$$a 19441944 =990 ##$$a 19441944 =990 ##$$a 19441944 =990 ##$$a 21300873 =990 ##$$a 5201344029 =990 ##$$a 5201344030 =990 ##$$a 21300872 =990 ##$$a 5201344029 =990 ##$$a 21300873 =990 ##$$a 21300871 =990 ##$$a 21300871 =990 ##$$a 21300872 =990 ##$$a 21300872 =990 ##$$a 21300873 =990 ##$$a 21300873